000 00804cam a2200277 a 4500
999 _c523652
_d523652
001 377585
003 NUST
005 20190517071516.0
008 820330s1979 nyu 000 1 eng
010 _a 78074578
020 _a089696051X
038 _awaseem
040 _aDLC
_cDLC
_dDLC
050 0 0 _aPR9199.3.D3
_bM5 1979
082 0 0 _a813.54
_bDAV
100 1 _aDavies, Robertson,
_d1913-1995.
_914425
245 1 2 _aA mixture of frailties /
_cby Robertson Davies.
260 _aNew York :
_bEverest House,
_cc1979.
300 _a361 p. ;
_c22 cm.
650 0 _aSingers
_xFiction.
_914426
650 0 _aOpera
_xFiction.
_914427
655 7 _aDidactic fiction.
_2gsafd
_91062
655 7 _aMusical fiction.
_2lcsh
_912053
906 _a7
_bcbc
_corignew
_d2
_eopcn
_f19
_gy-gencatlg
942 _2ddc
_cBK